Регионална библиотека "Любен Каравелов" - Русе

Српске народне пjесме : Кн 1 - 9 (Запис номер 345853)

MARC детайли
000 -Лидер
Контролно поле с фиксирана дължина 02469nam a2200301 c 4500
003 - Код на организацията, давaща контролен номер
Контролно поле BLK
005 - Дата и час на последна редакция
Контролно поле 20191007124421.0
008 - Елементи от данни с фиксирана дължина
fixed length control field 180911b bul|||||r ||||||| ||bul||
010 ## - Наследен системен номер
LC control number 003975
040 ## - Източник на каталожния запис
Идентификатор на билиотеката - собственик на записа BLK
041 ## - Код за език
Код за езика на текст/звукозапис или на отделно заглавие Сръбски
Код за езика КДБФ Български
080 ## - УДК
УДК - код + определител 886.1-1(081)
100 1# - Редна дума - Автор
Автор КАРАДЖИЧ, Вук
Авторска отговорност първи автор
R(LIN) 396880
245 00 - Сведения за заглавието
Заглавие Српске народне пjесме : Кн 1 - 9
Том Кн. 7
Заглавие на том У коjoj су пjесме jуначке средньиех времена
260 ## - Област на издателските данни
Място на издаване, разпространение и проч. Београд
Име на издателя, разпространителя и проч. Штамп. краль. Србиjе
Година на издаване 1891 -
300 ## - Физическа характеристика
Размери/Мащаб 23 см
380 ## - Жанр
Жанр Худож. лит.
490 ## - СЕРИИ (Колекции)
Име на серия Вукова дjела
490 ## - СЕРИИ (Колекции)
Име на серия Частна колекция - Академик Михаил Арнаудов
Бележки за серията Дарение - Основен фонд
655 ## - Ключова дума – жанр/разновидност
Данни за жанр/разновидност или ключова дума за фокус сръбска литература
700 1# - Други автори (авторска отговорност)
Лично име Вук Стеф. Караджич
9 (RLIN) 399212
760 ## - Описание на основната серия
Редна дума на основното описание КАРАДЖИЧ, Вук
Място на издаване, издател и година 1900
Страници - том ІV, 504 с.
852 ## - Местоположение
Форматна сигнатура МА 2742
999 ## - СИСТЕМНИ КОНТРОЛНИ НОМЕРА
Koha biblionumber 345853
Koha biblioitemnumber 345853
942 ## - АРТИКУЛИ
Вид на библиотечния материал Книги
Скрит в OPAC Не
Периодичен библиозапис Да
944 ## - СЪЗДАВАНЕ И РЕДАКЦИЯ на ЗАПИСА
Създаване/Редакция Създаване
Дата на регистрацията/редакция 1997
Служител, извършил регистрацията/редакцията ValK
999 ## - СИСТЕМНИ КОНТРОЛНИ НОМЕРА
Koha biblioitemnumber 345852
999 ## - СИСТЕМНИ КОНТРОЛНИ НОМЕРА
Koha biblioitemnumber 344310
999 ## - СИСТЕМНИ КОНТРОЛНИ НОМЕРА
Koha biblioitemnumber 344310
999 ## - СИСТЕМНИ КОНТРОЛНИ НОМЕРА
Koha biblioitemnumber 344310
999 ## - СИСТЕМНИ КОНТРОЛНИ НОМЕРА
Koha biblioitemnumber 344310
Наличности
Код за отписване Код за изгубен артикул Източник на класификационната схема Код за повреда Коз за рестрикции Код за отдаване Артикулен № Име на библиотеката - собственик Име на библиотеката, в която се намира в момента Статус (Текущо местоположение) Местоположение - отдел Цена в лева Номерация (Хронология) Инвентарен номер Систематично азбучна сигнатура Баркод Номер на екземпляра Цена в евро Служебен тип на артикула
  Не е изгубен Universal Decimal Classification Не е повреден без рестрикции Специални фондове ( старопечатни, редки и ценни, фонд М. Арнаудов) 744705 Регионална библиотека "Любен Каравелов" Русе Регионална библиотека "Любен Каравелов" Русе Фонд "Михаил Арнаудов" Фонд "Михаил Арнаудов" 40.00   588815 МА 2742 120000588815 4 20.45 Книги
Vip Innovations Ltd, Rousse, Bulgaria 2025